Sports Quiz

Random Sports Quiz

F1 2019 teams by image Quiz Stats

 Plays Quiz not verified by Sporcle

Score 0/10 Timer 10:00
1 Play Today
% Correct
Scuderia Ferrari Mission Winnow
99.2%
Aston Martin Red Bull Racing
98.4%
Renault F1 Team
98.4%
Rich Energy Haas F1 Team
98.4%
Mercedes AMG Petronas Motorsport
97.6%
McLaren F1 Team
97.6%
Alfa Romeo Racing
97.6%
Red Bull Toro Rosso Honda
97.6%
ROKiT Williams Racing
96.8%
SportPesa Racing Point F1 Team
96%

You're not logged in!

Compare scores with friends on all Sporcle quizzes.
OR
Log In

Sporcle TV

Today on Sporcle TV


Watch our educational content, quiz creation guides, and fun videos on Sporcle TV.

Show Comments

Extras

Created Sep 16, 2019ReportNominate
Tags:Formula 1

Top Quizzes Today


Score Distribution

Your Account Isn't Verified!

In order to create a playlist on Sporcle, you need to verify the email address you used during registration. Go to your Sporcle Settings to finish the process.

Report this User

Report this user for behavior that violates our Community Guidelines.

Details: